000 00931nam a2200265 i 4500
001 26197
003 ES-MaACL
005 20250818131132.0
007 t|
008 030108s1971 sp f |||| |dspa d
080 _a946"18/19"
080 _a92:323.311.121(46)"18/19"
100 1 _aAronson, Theo.
_923162
245 1 0 _aVenganza real
_b: la corona de España 1829-1965 : con un apéndice 1966-1968 /
_cTheo Aronson.
260 _aMadrid :
_bCírculo de Amigos de la Historia,
_c[1971]
300 _a278 p., 12 lám. ;
_c18 cm.
490 1 _aGrandes misterios históricos del pasado
651 4 _aEspaña-
_xReyes y soberanos-
_yS.XIX.
_9155214
651 4 _aEspaña-
_xReyes y soberanos-
_yS.XX.
_9155215
651 4 _aEspaña-
_xHistoria-
_y1700-, Casa de Borbón.
_9139051
700 2 _a
_9241835
830 0 _aGrandes misterios históricos del pasado
_9229164
852 _aES-MaACL
_jC-45376
999 _c26197
_d26197